000 01086nam a22002297a 4500
999 _c22473
_d22473
003 AR-CdUCM
008 190319b ||||| |||| 00| 0 spa d
020 _a9786123152772
040 _aMUNICIPALIDAD PROVINCIAL DEL CUSCO
_cBIBLIOTECA MUNICIPAL DEL CUSCO
082 _a516.076/A47
_bA47
_23a ed., 2a reimpr.
100 _aAlva Gallegos, Fernando
_948278
245 _aGeometría : teoría y práctica /
_cFernando Alva Gallegos ; [asesoría académica, Salvador Timoteo V.].
260 _aLima :
_bEdit. San Marcos,
_c2019.
300 _a704 páginas. :
_bil., diagrs., retrs. ;
_c24 cm.
500 _a"Exámenes UNI desarrollados por temas y con claves. Actualizado según últimos prospectos. Desarrollo completo de todo el curso. Nuevos problemas resueltos y propuestos tipo UNI. Claves para todos los problemas propuestos"--Cubierta. Texto a dos columnas.
650 _aGeometría
_948279
650 _aProblemas, ejercicios, etc
_925134
650 _aEstudio y enseñanza
_92610
700 _aTimoteo Valentín, Salvador
_easesor
_948280
942 _2ddc
_cLIBROS
945 _arac